Statystyki dla Dopasuj Miasto do Stanu (USA)

Kliknij tutaj aby rozwiązać quiz!

Ogólne statystyki

  • Ten quiz został rozwiązany 15 razy
    (8 od ostatniego zresetowania)
  • Średni wynik to 10 z 16

Statystyki odpowiedzi

MiastoStan% Poprawnych
DallasTeksas
100%
SeattleWaszyngton
100%
OrlandoFloryda
86%
IndianapolisIndiana
86%
SacramentoKalifornia
86%
Salt Lake CityUtah
86%
San DiegoKalifornia
71%
PortlandMaine | Oregon
71%
PheonixArizona
57%
Des MoinesIowa
57%
FiladelfiaPensylwania
43%
CharlestonKarolina Południowa
29%
BillingsMontana
29%
ProvidenceRhode Island
29%
RichmondWirginia
29%
BostonMassachusetts
14%

Rozkład punktacji

Percentyl według liczby udzielonych odpowiedzi

Procent ludzi z każdym wynikiem

Twoja historia wyników

Nie rozwiązałeś tego quizu od ostatniego zresetowania